000 00726nam a2200229Ii 4500
003 JO-AjNU
008 230605s9999||||xx |||||||||||||| ||und||
017 _a2015/10/5068
020 _a978-9957-17-704-1
040 _aJO-AjNU
_bara
_erda
_cJO-AjNU
041 _aara
050 1 4 _aHQ525.K426.2015
100 3 _aزرزور، عدنان وآخرون ,
_eauthor
_963129
245 0 0 _aنظام الاسرة في الاسلام
250 _aط3
264 3 1 _aالكويت: مكتبة الفلاح للنشر والتوزيع، 2016
300 _a296ص
336 _atext
_btxt
_2rdacontent
337 _aunmediated
_bn
_2rdamedia
338 _avolume
_bnc
_2rdacarrier
650 4 _aالاسرة في الاسلام
_963130
999 _aA28619
_c32187
_d32187